00000000nam##2200000za#4500
0019.540083
003CaOODSP
00520240612102423
007ta
008150406|2005||||xxc|||||     f|0| 0 fre|d
040 |aCaOODSP|bfre
041 |aeng
041 |afre
043 |an-cn---
0861 |aRv55-5/11-4-20-2005
1102 |aAgence des services frontaliers du Canada.
24510|aProcédures pour les vérifications de l'origine dans le cadre d'un accord de libre-échange
260 |bAgence des services frontaliers du Canada
300 |aTexte français, 21p. : |bréférences ; |c28 cm.
4901 |aMémorandums D des douanes. D11, Renseignements généraux sur le tarif |vD11-4-20, le 29 juin 2005
563 |aFeuilles mobiles
7760#|tProcedures for verifications of origin under a free trade agreement |w(CaOODSP)9.580872
7760#|tProcédures pour les vérifications de l'origine dans le cadre d'un accord de libre-échange |w(CaOODSP)9.607809
791 |tProcedures for verifications of origin under a free trade agreement |eeng|w(CaOODSP)9.540082
830#0|aMémorandums D des douanes. D11, Renseignements généraux sur le tarif ;|vD11-4-20, le 29 juin 2005|w(CaOODSP)9.510863
986 |aD11-4-20